Writing 'how-to' articles and books: (Record no. 478645)

000 -LEADER
fixed length control field 01216cam a22003495a 4500
001 - CONTROL NUMBER
control field 13631011
003 - CONTROL NUMBER IDENTIFIER
control field NUST
005 - DATE AND TIME OF LATEST TRANSACTION
control field 20180625054717.0
008 - FIXED-LENGTH DATA ELEMENTS--GENERAL INFORMATION
fixed length control field 040621s2002 enk 001 0 eng
010 ## - LIBRARY OF CONGRESS CONTROL NUMBER
LC control number 2004445467
015 ## - NATIONAL BIBLIOGRAPHY NUMBER
National bibliography number GBA2-V4152
020 ## - INTERNATIONAL STANDARD BOOK NUMBER
International Standard Book Number 9788130913100
035 ## - SYSTEM CONTROL NUMBER
System control number (OCoLC)ocm50494310
038 ## - RECORD CONTENT LICENSOR
Staff Name Arshad
040 ## - CATALOGING SOURCE
Original cataloging agency UKM
Transcribing agency UKM
Modifying agency DLC
042 ## - AUTHENTICATION CODE
Authentication code lccopycat
082 04 - DEWEY DECIMAL CLASSIFICATION NUMBER
Classification number 808.02
Author Mark MCC
100 1# - MAIN ENTRY--PERSONAL NAME
Personal name McCallum, Chriss,
Dates associated with a name 1935-
9 (RLIN) 11194
245 14 - TITLE STATEMENT
Title Writing 'how-to' articles and books:
Remainder of title how to share your know-how and get published/
Statement of responsibility, etc. Chriss Mccallum
250 ## - EDITION STATEMENT
Remainder of edition statement Chriss McCallum & Gordon Wells.
260 ## - PUBLICATION, DISTRIBUTION, ETC.
Place of publication, distribution, etc. Peterborough :
Name of publisher, distributor, etc. Writers' Bookshop,
Date of publication, distribution, etc. 2002
300 ## - PHYSICAL DESCRIPTION
Extent 222 p. ;
Dimensions 20 cm.
500 ## - GENERAL NOTE
General note Previous ed. / Gordon Wells & Chriss McCallum. 2001.
504 ## - BIBLIOGRAPHY, ETC. NOTE
Bibliography, etc. note Includes bibliographical references and index.
650 #0 - SUBJECT ADDED ENTRY--TOPICAL TERM
Topical term or geographic name entry element English periodicals.
9 (RLIN) 11195
650 #0 - SUBJECT ADDED ENTRY--TOPICAL TERM
Topical term or geographic name entry element Publishers and publishing
Form subdivision Periodicals.
9 (RLIN) 11196
650 #0 - SUBJECT ADDED ENTRY--TOPICAL TERM
Topical term or geographic name entry element Authorship
Form subdivision Periodicals.
9 (RLIN) 11197
700 1# - ADDED ENTRY--PERSONAL NAME
Personal name Wells, Gordon,
Dates associated with a name 1935-
9 (RLIN) 11198
906 ## - LOCAL DATA ELEMENT F, LDF (RLIN)
a 0
b ibc
c copycat
d 2
e ncip
f 20
g y-gencatlg
942 ## - ADDED ENTRY ELEMENTS (KOHA)
Source of classification or shelving scheme
Koha item type Book
Holdings
Withdrawn status Lost status Source of classification or shelving scheme Damaged status Not for loan Collection code Permanent Location Current Location Shelving location Date acquired Total Checkouts Total Renewals Full call number Barcode Date last seen Date last checked out Copy number Price effective from Koha item type
            Central Library (CL) Central Library (CL) Book Cart 06/25/2018 1 3 808.02 MCC CL2283 03/06/2024 11/10/2020 1 06/25/2018 Book
© 2023 Central Library, National University of Sciences and Technology. All Rights Reserved.